| 000 | 00978nam0a22002651 4500 | ||
|---|---|---|---|
| 001 | rc\1120659 | ||
| 005 | 20250622184225.0 | ||
| 035 | _a(NLR Aleph) 006363680 | ||
| 090 |
_a4929299 _c4929299 |
||
| 100 | _a20041126d1981 |||y0rusy50 ca | ||
| 101 | 0 | _arus | |
| 102 | _aRU | ||
| 105 | _aa ||||||||| | ||
| 200 | 1 |
_aСостояние и пути увеличения добычи угля в Киргизии _f[Дж.А. Илеев, С.С. Ахрамеев, Г.П. Калинин] |
|
| 210 |
_aФрунзе _cКиргизИНТИ _d1981 |
||
| 215 |
_a[1], 41 с., 1 л. граф. _d21 |
||
| 225 | 1 |
_aОбзорная информация _fКирг. респ. ин-т НТИ и пропаганды при Госплане КиргССР |
|
| 320 | _aБиблиогр.: с. 41 | ||
| 333 | _aДСП. Экз. № 4 | ||
| 700 | 1 |
_aИлеев _bД.А. _gДж. А. |
|
| 801 | 0 |
_aRU _bNLR _gpsbo |
|
| 801 | 1 |
_aRU _bELAR _2rusmarc |
|
| 852 |
_aNLR _j82-50К/2550 |
||
| 942 | _cBOOK | ||
| 980 | _aNB | ||